[Event "Elista ol (Men)"]
[Site "Elista"]
[Date "1998.10.10"]
[Round "11"]
[White "Pelletier, Yannick"]
[Black "Sorokin, Maxim"]
[Result "1/2-1/2"]
[WhiteElo "2525"]
[BlackElo "2570"]

1.d4 d5 2.c4 dxc4 3.e4 Nf6 4.e5 Nd5 5.Bxc4 Nb6 6.Bd3 Nc6 7.Be3 Nb4 8.Be4 f5
9.exf6 exf6 10.Nc3 f5 11.Bb1 Bd6 12.Nf3 Be6 13.O-O Qd7 14.a3 N4d5 15.Ng5 Nxc3
16.bxc3 Bd5 17.Bd3 O-O 18.Re1  1/2-1/2

[Event "Elista ol (Men)"]
[Site "Elista"]
[Date "1998.10.10"]
[Round "11"]
[White "Kanengoni, Arnold T"]
[Black "Vincenti, David Cilia"]
[Result "1-0"]
[WhiteElo "2215"]
[BlackElo "2220"]

1.d4 d5 2.c4 dxc4 3.e4 Nf6 4.e5 Nd5 5.Bxc4 Nb6 6.Bb3 c5 7.Nf3 c4 8.Bxc4 Nxc4
9.Qa4+ Nc6 10.Qxc4 Be6 11.Qa4 Bd5 12.Be3 Qb6 13.Nbd2 Qxb2 14.O-O Qb4 15.Qc2 Qa5
16.Nb3 Qd8 17.Nc5 b6 18.Ne4 e6 19.Bg5 Qd7 20.a3 h6 21.Bh4 Na5 22.Nfd2 Rc8
23.Qd3 Nc4 24.Rfe1 Qb7 25.Nxc4 Bxc4 26.Qe3 g5 27.Nf6+ Kd8 28.Bg3 Be7 29.d5 exd5
30.Rad1 Rc5 31.Ne4 Ra5 32.Nd6 Bxd6 33.exd6 Qd7 34.Qc3 Re8 35.Rxe8+ Qxe8 36.Re1 Qf8
37.Qf6+ Kc8 38.Re7 Rxa3 39.d7+  1-0

[Event "VAM Hoogeveen op"]
[Site "Hoogeveen"]
[Date "1998.10.21"]
[Round "6"]
[White "Mikhalevski, Victor"]
[Black "Bosch, Jeroen"]
[Result "1/2-1/2"]
[WhiteElo "2540"]
[BlackElo "2480"]

1.d4 d5 2.c4 dxc4 3.e4 e5 4.Nf3 exd4 5.Bxc4 Nc6 6.O-O Be6 7.Bxe6 fxe6 8.Qb3 Qd7
9.Qxb7 Rb8 10.Qa6 Nf6 11.Re1 Bb4 12.Bd2 O-O 13.a3 Be7 14.Bg5 Rxb2 15.Nbd2 Bc5
16.Rac1 Bb6 17.Nc4 Rb3 18.Qa4 Rxf3 19.gxf3 Ne5 20.Qb3 Nxc4 21.Rxc4 Nh5 22.Rd1 Qf7
23.Rc6 h6 24.Bh4 Kh7 25.Bg3 Nf4 26.Kf1 Qh5 27.Bxf4 Rxf4 28.Rd3 e5 29.Re6 Rh4
30.Qd5 Rxh2 31.Qxe5 Qh3+ 32.Ke2 Rh1 33.Qf5+ Qxf5 34.exf5 c5 35.Rc6 Rh5 36.Rb3 Rxf5
37.a4 Rf4 38.Rb5 d3+ 39.Kxd3 Rxa4 40.Rb1 Rf4 41.Ke3 Rf7 42.Ke2 Re7+ 43.Kf1 Kg8
44.Rd1 Rc7 45.Rd8+ Kh7 46.Rdd6 Rxc6 47.Rxc6 Kg8 48.f4 Kf7 49.f5 c4 50.Rxc4 Kf6
51.Rg4 Bc7 52.Rg6+ Kf7 53.Ke2 Be5 54.Re6 Bf6 55.Rc6 Bd4 56.f4 a5 57.Kd3 Bb2
58.Ra6 Kg8 59.Rxa5 Bf6 60.Ra8+ Kh7 61.Ra2 Kg8 62.Kc4 Kh7 63.Kd5 Kg8 64.Rg2 Kf7
65.Rg6 Ke7 66.Rg3 Kf7 67.Rg2 Bh4 68.Ra2 Kg8 69.Ra6 Bf6 70.Rc6 Kh7 71.Ke6 Kg8
72.Kd7 Kf7 73.Rc8 Bh4 74.Kd6 Be7+ 75.Kd5 Bf6 76.Ke4 Bh4 77.Kf3 Bf6 78.Ra8 Bh4
79.Kg4 Bf6 80.Rb8 Be7 81.Rb7 Kf6 82.Rc7 Kf7 83.Ra7 Kf6 84.Kf3 Bb4 85.Rc7 Be7
86.Ke4 Bd8 87.Ra7 Be7 88.Rd7 Bb4 89.Rc7 Be7 90.Rc8 Kf7 91.Rc7 Kf6 92.Ra7 Bd8
93.Ra6+ Kf7 94.f6 Bxf6 95.Kf5 g6+ 96.Ke4 h5 97.Ra7+ Ke6 98.Ra6+ Kf7 99.f5 gxf5+
100.Kxf5 Be7 101.Rh6 Bb4 102.Rh7+ Ke8 103.Rb7 Bc5 104.Ke6 Kd8 105.Rd7+ Kc8
106.Rh7 h4 107.Kd5 Bf2 108.Kc6 Kd8 109.Rf7 Bg3 110.Kd5 Ke8 111.Rh7 Kd8 112.Ke6 Kc8
113.Rg7 Kd8 114.Rd7+ Kc8 115.Rh7 Kd8 116.Rxh4 Bxh4  1/2-1/2

[Event "Tilburg Fontys"]
[Site "Tilburg"]
[Date "1998.10.23"]
[Round "1"]
[White "Piket, Jeroen"]
[Black "Sadler, Matthew"]
[Result "1/2-1/2"]
[WhiteElo "2605"]
[BlackElo "2660"]

1.d4 d5 2.c4 dxc4 3.e4 Nf6 4.e5 Nd5 5.Bxc4 Nc6 6.Ne2 Nb6 7.Bd3 Bg4 8.f3 Be6
9.Nbc3 Bd5 10.Be3 e6 11.Bf2 Qg5 12.Ng3 Bc4 13.Bxc4 Nxc4 14.Qe2 Nb6 15.O-O O-O-O
16.Nge4 Qg6 17.Rac1 Kb8 18.Rfd1 f5 19.exf6 gxf6 20.Nc5  1/2-1/2

[Event "Tilburg Fontys"]
[Site "Tilburg"]
[Date "1998.10.28"]
[Round "5"]
[White "Van Wely, Loek"]
[Black "Sadler, Matthew"]
[Result "1/2-1/2"]
[WhiteElo "2635"]
[BlackElo "2660"]

1.d4 d5 2.c4 dxc4 3.e4 Nf6 4.e5 Nd5 5.Bxc4 Nc6 6.Ne2 Nb6 7.Bb3 Bf5 8.Nbc3 e6
9.a3 Qd7 10.O-O O-O-O 11.Be3 Be7 12.Qc1 Kb8 13.Rd1 f6 14.exf6 gxf6 15.Ng3 Bg6
16.Nge4 Na5 17.Ba2 Nac4 18.Nc5 Qc6 19.b4 Rhg8 20.b5 Qe8 21.Re1 Bf5 22.Ne2 Qxb5
23.Ng3 Nxe3 24.Qxe3 Bxc5 25.Nxf5 Qc6 26.Qh3 Bxd4 27.Nxd4 Rxd4 28.Rxe6 Rgd8
29.Rae1 Rd1 30.Bb3 Rxe1+ 31.Rxe1 Qc5 32.Qxh7 Qxa3 33.Qf7 Qb2 34.h4 a5 35.h5 a4
36.Be6 Qc3 37.Re3 Rd1+ 38.Kh2 Qd4 39.g3 Rd2 40.Kg1 Qa1+ 41.Kg2 Rd1 42.Qf8+ Ka7
43.Qc5 Rg1+ 44.Kf3 Qd1+ 45.Kf4 Qd2 46.Kf3 Rc1 47.Qf5 Qd1+ 48.Kf4 Qd4+ 49.Qe4 Qd2
50.Kf3 Qd1+ 51.Re2 Qh1+ 52.Kg4 Qd1 53.h6 Rc5 54.h7 f5+ 55.Bxf5 Rc4 56.Kg5 Rxe4
57.Rxe4 Qd8+ 58.Kg6 Nd5 59.Rxa4+ Kb6 60.g4 Qe8+ 61.Kg7 Qe5+ 62.Kh6 Qd6+ 63.Kg5 Qd8+
64.Kh5 Qe8+ 65.Kg5 Qd8+ 66.Kh5 Qe8+ 67.Kg5 Qd8+  1/2-1/2

[Event "USA-ch Gr-B"]
[Site "Denver"]
[Date "1998.11.02"]
[Round "3"]
[White "Browne, Walter S"]
[Black "Kaidanov, Grigory S"]
[Result "1-0"]
[WhiteElo "2515"]
[BlackElo "2625"]

1.d4 d5 2.c4 dxc4 3.e4 e5 4.Nf3 exd4 5.Bxc4 Nc6 6.O-O Be6 7.Bb5 Bc5 8.Nbd2 Ne7
9.Ng5 Qd7 10.Nxe6 Qxe6 11.Nb3 Qd6 12.Bf4 Qxf4 13.Nxc5 O-O 14.Rc1 Rfb8 15.g3 Qh6
16.f4 a6 17.Bd3 a5 18.Qa4 Nb4 19.Bc4 b5 20.Bxb5 Nxa2 21.Rc4 c6 22.Qxa2 cxb5
23.Rxd4 Qb6 24.Rc1 Rd8 25.Rxd8+ Rxd8 26.b3 h6 27.Qf2 Rc8 28.Kg2 Rc6 29.Qd4 Qc7
30.b4 axb4 31.Qxb4 Nc8 32.Qxb5 Nd6 33.Qb4 Rb6 34.Qa3 Qc6 35.Qd3 Rb2+ 36.Kh3 Rb5
37.Qd4 h5 38.Ne6 Nxe4 39.Qd8+ Kh7 40.Ng5+  1-0

[Event "ISR-ch"]
[Site "Ramat Aviv"]
[Date "1998.11.08"]
[Round "1.1"]
[White "Golod, Vitali"]
[Black "Shevelev, Arkady"]
[Result "1-0"]
[WhiteElo "2555"]
[BlackElo "2385"]

1.d4 d5 2.c4 dxc4 3.e4 e5 4.Nf3 Bb4+ 5.Nc3 exd4 6.Nxd4 Qe7 7.Bxc4 Qxe4+ 8.Kf1 Bxc3
9.bxc3 Be6 10.Qb3 Bxc4+ 11.Qxc4 Nd7 12.Bg5 Qg4 13.Re1+ Kf8 14.Ne6+ Qxe6 15.Rxe6 fxe6
16.Qxc7 Ngf6 17.Bxf6 Nxf6 18.Qxb7 Rd8 19.Ke2 Nd5 20.c4 Nf4+ 21.Ke3 Ng6 22.c5 Ne7
23.c6 Kf7 24.c7 Rd5 25.Rc1 Nc8 26.Rc4 g5 27.Rd4 Rxd4 28.Kxd4 Ke7 29.Kc5 Kd7
30.Qc6+ Ke7 31.Qe4 Nb6 32.Kc6 h6 33.a4 Rf8 34.a5 Nc8 35.Qh7+ Rf7 36.Qxh6 Rxf2
37.Qg7+ Rf7 38.Qxg5+ Rf6 39.Kb7 Nd6+ 40.Kb8 Kf7 41.c8=Q Nxc8 42.Kxc8 Rg6
43.Qf4+ Rf6 44.Qe5  1-0

[Event "Chigorin mem"]
[Site "St. Petersburg"]
[Date "1998.11.09"]
[Round "9"]
[White "Polovodin, Igor A"]
[Black "Lastin, Alexander"]
[Result "1/2-1/2"]
[WhiteElo "2460"]
[BlackElo "2550"]

1.d4 d5 2.c4 dxc4 3.e4 Nc6 4.Be3 Nf6 5.f3 e5 6.d5 Nd4 7.Bxd4 exd4 8.Qxd4 c6
9.Bxc4 Bb4+ 10.Nc3 O-O 11.Ne2 cxd5 12.exd5 Qc7 13.O-O-O Bc5 14.Qd3 Re8 15.d6 Bxd6
16.Qxd6 Qxc4 17.Rd4 Qe6  1/2-1/2

[Event "Wch U20 Girls"]
[Site "Calicut"]
[Date "1998.11.19"]
[Round "3"]
[White "Hoang Th Trang"]
[Black "Nguyen Thi Tuong Van"]
[Result "1-0"]
[WhiteElo "2350"]
[BlackElo "2220"]

1.d4 d5 2.c4 dxc4 3.e4 Nf6 4.e5 Nd5 5.Bxc4 Nb6 6.Bb3 Nc6 7.Ne2 Bf5 8.Nbc3 e6
9.a3 Qd7 10.O-O O-O-O 11.Be3 f6 12.exf6 gxf6 13.Ng3 Bg6 14.Nge4 Nd5 15.Nxd5 exd5
16.Nc3 Qf5 17.Rc1 Bh5 18.Bc2 Qg4 19.Qxg4+ Bxg4 20.f3 Be6 21.Rfe1 Bd6 22.Nb5 Bf7
23.Nxd6+ Rxd6 24.Bf4 Rdd8 25.b4 Rde8 26.Bf5+ Kd8 27.Rxe8+ Bxe8 28.Rc5 Bf7
29.b5 Nxd4 30.Rxc7 Be8 31.Rc8+ Ke7 32.Rc7+ Kd8 33.Rc8+ Ke7 34.Bd3 Bxb5 35.Rxh8 Bxd3
36.Kf2 Ne6 37.Bd2 Kd7 38.Ke3 Bg6 39.Bc3 f5 40.f4 Nc7 41.Be5 Nb5 42.a4 Na3
43.Kd4 Ke6 44.Rb8 b6 45.Ra8 Nc2+ 46.Kc3 Ne3 47.Rxa7  1-0

[Event "Elgoibar"]
[Site "Elgoibar"]
[Date "1998.11.23"]
[Round "3"]
[White "Mellado Trivino, Juan"]
[Black "Georgiev, Vladimir"]
[Result "0-1"]
[WhiteElo "2460"]
[BlackElo "2540"]

1.d4 d5 2.c4 dxc4 3.e4 e5 4.Nf3 exd4 5.Qxd4 Qxd4 6.Nxd4 Nf6 7.Nc3 Bc5 8.Ndb5 Na6
9.Bf4 O-O 10.Bxc4 Be6 11.Bxe6 fxe6 12.Nxc7 Ng4 13.Nxe6 Bxf2+ 14.Ke2 Rf6 15.h3 Rxe6
16.hxg4 Bd4 17.Nd5 Rf8 18.Rhd1 Rxe4+ 19.Kf3 Nc5 20.g5 Bxb2 21.Rab1 Be5 22.g3 b6
23.Rb4 Rxb4 24.Nxb4 Ne6 25.Nd5 Nxg5+ 26.Kg4 Bxf4 27.gxf4 Ne4 28.Re1 Re8 29.Re2 Kf7
30.Rc2 Nf6+  0-1

[Event "Wch U20 Girls"]
[Site "Calicut"]
[Date "1998.11.28"]
[Round "11"]
[White "Sheldon, Ruth"]
[Black "Ciuksyte, Zivile"]
[Result "1-0"]
[WhiteElo "2220"]
[BlackElo "2120"]

1.d4 d5 2.c4 dxc4 3.e4 e5 4.Nf3 Bb4+ 5.Bd2 Bxd2+ 6.Nbxd2 exd4 7.Bxc4 Nh6
8.O-O O-O 9.Nb3 Qe7 10.Nbxd4 Qxe4 11.Bd3 Qe7 12.Re1 Qd8 13.Qc2 g6 14.Rad1 Bg4
15.Be4 Qc8 16.h3 Bxf3 17.Bxf3 c6 18.Qc1 Kg7 19.Re7 Ng8 20.Ne6+ Qxe6 21.Rxe6 fxe6
22.Qc3+ Nf6 23.Qb3 Rf7 24.Rd8 a5 25.Qxe6 Nfd7 26.Qd6 c5 27.Bd5 Ra6 28.Qc7 Rf8
29.Rxd7+ Nxd7 30.Qxd7+ Kh6 31.Bxb7 Rb6 32.Qd2+ Kg7 33.Bd5 Rfb8 34.b3 a4 35.Qc3+ Kh6
36.Qxc5  1-0

[Event "Budapest FS12 IM-A"]
[Site "Budapest"]
[Date "1998.12.07"]
[Round "3"]
[White "Jakab, Attila"]
[Black "Nguyen Thi Thanh An"]
[Result "1-0"]
[WhiteElo "2245"]
[BlackElo "2115"]

1.d4 d5 2.c4 dxc4 3.e4 e5 4.Nf3 exd4 5.Bxc4 Nc6 6.O-O Be7 7.Qb3 Na5 8.Bxf7+ Kf8
9.Qa4 c5 10.Bxg8 Rxg8 11.Ne5 Nc6 12.f4 Be6 13.Nd2 Qa5 14.Qxa5 Nxa5 15.f5 Bc8
16.Ndf3 b6 17.Bf4 Bb7 18.Rae1 Ba6 19.Rf2 Rc8 20.g4 Ke8 21.g5 d3 22.Ng4 c4
23.e5 Bc5 24.Be3 h5 25.gxh6 gxh6 26.Rg2 Kd8 27.Bxc5 Rxc5 28.f6 h5 29.e6 Nc6
30.e7+ Kc7 31.f7  1-0

[Event "Autumn Int"]
[Site "Tel Aviv"]
[Date "1998.12.10"]
[Round "4"]
[White "Bykhovsky, Avigdor"]
[Black "Godes, Dmitry R"]
[Result "1-0"]
[WhiteElo "2455"]
[BlackElo "2355"]

1.d4 d5 2.c4 dxc4 3.e4 Nc6 4.Be3 e5 5.d5 Nb8 6.Bxc4 Bd6 7.Ne2 a6 8.O-O Nd7
9.Nd2 Ngf6 10.Ng3 Nf8 11.Be2 h5 12.Nc4 Ng4 13.Nxd6+ cxd6 14.Bd2 Ng6 15.h3 Nf6
16.Nxh5 Nxh5 17.Bxh5 Qf6 18.Rc1 Nf4 19.Bxf4 exf4 20.Bg4 O-O 21.Rc3 Re8 22.Re1 g5
23.Qf3 Kg7 24.Rc2 Qe5 25.Rec1 Bxg4 26.Qxg4 Kf6 27.f3 Rh8 28.Rc7 Rad8 29.Rxb7 Rh4
30.Qf5+ Qxf5 31.exf5 Rhh8 32.Rc6 a5 33.Rcc7 Rhf8 34.b3 Rc8 35.Kf2 Rxc7 36.Rxc7 Rb8
37.Rd7 Ke5 38.Rxf7 Rb5 39.g4 fxg3+ 40.Kxg3 Rxd5 41.Kg4 Rd2 42.Re7+ Kf6 43.Re6+ Kf7
44.Kxg5 Rg2+ 45.Kf4 Rxa2 46.Rxd6 a4 47.bxa4 Rxa4+ 48.Kg5 Ra1 49.Rd7+ Kg8
50.h4 Rf1 51.Kg6 Rg1+ 52.Kf6 Ra1 53.h5 Ra6+ 54.Kg5 Ra1 55.f6 Rg1+ 56.Kf5 Ra1
57.h6 Rh1 58.h7+ Kh8 59.f7  1-0

[Event "Autumn Int"]
[Site "Tel Aviv"]
[Date "1998.12.11"]
[Round "6"]
[White "Grinshpun, Eduard"]
[Black "Godes, Dmitry R"]
[Result "1-0"]
[WhiteElo "2365"]
[BlackElo "2355"]

1.d4 d5 2.c4 dxc4 3.e4 Nc6 4.Be3 Nf6 5.Nc3 e5 6.d5 Ne7 7.Bxc4 Ng6 8.Nf3 a6
9.h3 Bd6 10.Nd2 Nf4 11.Bf1 h5 12.Nc4 h4 13.Bxf4  1-0

[Event "GRE-ch 48th"]
[Site "Athens"]
[Date "1998.12.19"]
[Round "7"]
[White "Banikas, Hristos"]
[Black "Nikolaidis, Ioannis"]
[Result "1/2-1/2"]
[WhiteElo "2490"]
[BlackElo "2530"]

1.d4 d6 2.c3 d5 3.c4 dxc4 4.e4 Nf6 5.e5 Nfd7 6.Bxc4 Nc6 7.Nf3 Nb6 8.Bb3 Bg4
9.Ng5 Bxd1 10.Bxf7+ Kd7 11.Be6+ Ke8 12.Bf7+ Kd7  1/2-1/2

[Event "Beersheba"]
[Site "Beersheba"]
[Date "1998.??.??"]
[Round "10"]
[White "Kochetkov, German"]
[Black "Shevelev, Arkady"]
[Result "0-1"]
[WhiteElo "2420"]
[BlackElo "2375"]

1.d4 d5 2.c4 dxc4 3.e4 e5 4.Nf3 Bb4+ 5.Nc3 exd4 6.Qxd4 Qxd4 7.Nxd4 Nf6 8.f3 Bc5
9.Be3 Nc6 10.O-O-O Be6 11.Nf5 Bxe3+ 12.Nxe3 Ne5 13.Nb5 O-O 14.Nxc7 Rac8 15.Nxe6 fxe6
16.Kc2 Nfd7 17.Be2 Nc5 18.Rd6 b5 19.Kb1 Kf7 20.f4 Nc6 21.e5 Ke7 22.a3 Ne4
23.Rxc6 Rxc6 24.Rd1 Rcc8 25.Rd4 Nc5 26.g4 Rcd8 27.Rxd8 Rxd8 28.f5 Rd2  0-1

[Event "Bled op"]
[Site "Bled"]
[Date "1998.??.??"]
[Round "1"]
[White "Medancic, Rikard"]
[Black "Pavasovic, Dusko"]
[Result "1/2-1/2"]
[WhiteElo "2300"]
[BlackElo "2505"]

1.d4 d5 2.c4 dxc4 3.e4 Nf6 4.e5 Nd5 5.Bxc4 Nb6 6.Bb3 Nc6 7.Be3 Bf5 8.Ne2 e6
9.O-O Be7 10.Nbc3 Qd7 11.a3 O-O-O 12.Qc1 Na5 13.Ba2 Bd3 14.b4 Nac4 15.Rd1 Nxe3
16.Rxd3 Ned5 17.Nxd5 Nxd5 18.Nc3 Nxc3 19.Qxc3 Kb8 20.Rad1  1/2-1/2

[Event "Bled op"]
[Site "Bled"]
[Date "1998.??.??"]
[Round "2"]
[White "Kniest, Oliver"]
[Black "Golubovic, Boris"]
[Result "0-1"]
[WhiteElo "2300"]
[BlackElo "2450"]

1.d4 d5 2.c4 dxc4 3.e4 e5 4.Nf3 exd4 5.Bxc4 Bb4+ 6.Bd2 Bxd2+ 7.Nbxd2 Nc6
8.Nb3 Nf6 9.O-O O-O 10.e5 Ng4 11.Re1 Re8 12.Nbxd4 Ncxe5 13.Nb5 Bd7 14.Qb3 Bxb5
15.Bxb5 c6 16.Nxe5 Rxe5 17.Bc4 Qe7 18.Rxe5 Nxe5 19.Be2 Rd8 20.Rd1 Rxd1+ 21.Qxd1 g6
22.h3 c5 23.Qb3 Nc6 24.Bf3 Nd8 25.Kf1 b6 26.Bd5 Ne6 27.Bxe6 Qxe6 28.Qa4 Qe7
29.Qf4 Kg7 30.h4 Qf6 31.Qd2 Qxh4 32.Kg1 Qd4 33.Qe2 c4  0-1

[Event "Budapest FS06 IM"]
[Site "Budapest"]
[Date "1998.??.??"]
[Round "5"]
[White "Jakab, Attila"]
[Black "Jamrich, Gyorgy"]
[Result "0-1"]
[WhiteElo "2210"]
[BlackElo "2275"]

1.d4 d5 2.c4 dxc4 3.e4 e5 4.d5 Bb4+ 5.Bd2 Bxd2+ 6.Qxd2 Nf6 7.Nc3 O-O 8.Bxc4 c6
9.f3 b5 10.Bb3 b4 11.Nd1 cxd5 12.exd5 a5 13.Ne3 Na6 14.Ne2 Bb7 15.O-O Nc5
16.Bc4 Qb6 17.Kh1 g6 18.g4 h6 19.Rg1 Ne8 20.Rg3 Kg7 21.Rh3 Rh8 22.g5 hxg5
23.Rxh8 Kxh8 24.Rg1 Qf6 25.Rg3 Nd6 26.b3 Kg7 27.Ng4 Qf5 28.Ne3 Qf6 29.Ng4 Qe7
30.Qe3 Nf5 31.Qxe5+ Qxe5 32.Nxe5 Nxg3+ 33.hxg3 f6 34.Nc6 Kf8 35.Ned4 Ke8
36.Nb5 Kd7 37.Kg2 Bxc6 38.dxc6+ Kxc6 39.Kf2 Rh8 40.Kg2 Nd7 41.Be2 Kc5 42.f4 gxf4
43.gxf4 Rb8 44.Nc7 Kd4 45.Nb5+ Ke3  0-1

[Event "Budapest Nyar op"]
[Site "Budapest"]
[Date "1998.??.??"]
[Round "8"]
[White "Seres, Lajos"]
[Black "Namgilov, Sogto"]
[Result "1/2-1/2"]
[WhiteElo "2420"]
[BlackElo "2430"]

1.d4 d5 2.c4 dxc4 3.e4 Nf6 4.Nc3 e5 5.Nf3 exd4 6.Qxd4 Qxd4 7.Nxd4 Bc5 8.Ndb5 Na6
9.Bf4 Be6 10.Bxc7 Nb4 11.O-O-O Bxf2 12.Bd6 Na6 13.Ba3 Be3+ 14.Kb1 Bf4 15.Bd6 Bxd6
16.Nxd6+ Ke7 17.Bxc4 Nc5 18.Nf5+ Bxf5 19.exf5 Rhd8 20.Rhe1+ Kf8 21.Bd5 Rd7
22.Bf3 Rad8 23.Rxd7 Rxd7 24.Kc2 a5 25.Re5 b6 26.a3 Rd4 27.Re3 Rf4 28.Re5 Nfd7
29.Rd5 Nf6 30.Rd6 Ncd7 31.Nd5 Nxd5 32.Rxd5 Ke7 33.Kd2 Rc4 34.g4 h6 35.Rb5 Kd6
36.Rb3 f6 37.Be2 Rc5 38.h3 Rd5+ 39.Ke3 Re5+ 40.Kd2 h5 41.gxh5 Rxf5 42.h4 Rd5+
43.Ke1 Ke7 44.Rg3 Kf8 45.h6 gxh6 46.Rg6 Kf7 47.Rxh6 Kg7 48.Rh5 Ne5 49.Rf5  1/2-1/2

[Event "Cappelle op"]
[Site "Cappelle la Grande"]
[Date "1998.??.??"]
[Round "3"]
[White "Haba, Petr"]
[Black "Sulskis, Sarunas"]
[Result "1/2-1/2"]
[WhiteElo "2570"]
[BlackElo "2485"]

1.d4 d5 2.c4 dxc4 3.e4 Nf6 4.e5 Nd5 5.Bxc4 Nb6 6.Bb3 Nc6 7.Ne2 Bf5 8.Nbc3 e6
9.a3 Be7 10.O-O Qd7 11.Ba2 Rd8 12.Be3 Na5 13.Ng3 Bg6 14.Qe2 O-O 15.f4 Bh4
16.Nge4 Bxe4 17.Nxe4 Nd5 18.Rad1 Be7 19.Bc1 Nc6 20.Qh5 f5 21.exf6 Bxf6 22.Nxf6+ Rxf6
23.f5 h6 24.fxe6 Rxf1+ 25.Rxf1 Qxe6 26.Bf4 Kh8 27.Be5 Nxe5 28.dxe5 c6 29.h3 Kg8
30.Re1 Rf8 31.Qd1 g5 32.Qd4 a6 33.Rd1 Rf5 34.Re1 Kg7 35.Qe4 Rf4 36.Qc2 Rf5
37.Bb1 Rf7 38.Qh7+ Kf8 39.Qh8+ Ke7 40.Qb8 b5 41.Ba2 Rf4 42.Rc1 Re4 43.Qa7+ Kf8
44.Qc5+ Kg7 45.Qxc6 Qxc6 46.Rxc6 Nf4 47.e6 Kf6 48.g3 Re1+ 49.Kf2 Nd3+ 50.Kf3 Ne5+
51.Kf2 Nd3+ 52.Kf3 Ne5+ 53.Kf2  1/2-1/2

[Event "Dos Hermanas op"]
[Site "Dos Hermanas"]
[Date "1998.??.??"]
[Round "8"]
[White "Martinez Martin, David"]
[Black "Cifuentes Parada, Roberto"]
[Result "0-1"]
[WhiteElo "2235"]
[BlackElo "2535"]

1.d4 d5 2.c4 dxc4 3.e4 c5 4.d5 e6 5.Bxc4 Nf6 6.Nc3 exd5 7.Nxd5 Nxd5 8.Bxd5 Be7
9.Nf3 O-O 10.O-O Qb6 11.Qc2 Nc6 12.a3 Bg4 13.Bxc6 Bxf3 14.Bxb7 Qg6 15.g3 Qh5
16.Qc3 Rab8 17.Bd5 Bf6 18.Qe3 Bd4 19.Qf4 Rb6 20.h4 h6 21.a4 Rf6 22.Qc7 Be5
23.Qd7 Bg4 24.Qb5 Be2 25.Qxc5 Bxf1 26.Kxf1 Qd1+ 27.Kg2 Qf3+ 28.Kg1 Bxg3  0-1

[Event "IRL-ch"]
[Site "Dublin"]
[Date "1998.??.??"]
[Round "5"]
[White "O'Connell, Gerard"]
[Black "O'Cinneide, Mel"]
[Result "1-0"]
[WhiteElo "2180"]
[BlackElo "2285"]

1.d4 d5 2.c4 dxc4 3.e4 Nc6 4.Be3 e5 5.d5 Nce7 6.Bxc4 Nf6 7.Nc3 Ng6 8.f3 Bd6
9.Nge2 O-O 10.Qd2 Nd7 11.Ng3 Bc5 12.Nf5 Bxe3 13.Qxe3 Nb6 14.Bb3 Bxf5 15.exf5 Nh4
16.O-O Nxf5 17.Qxe5 Nd6 18.Rfe1 Qh4 19.Qe7 Qd4+ 20.Kh1 Rac8 21.Rad1 Qf4 22.Qe5 Qxe5
23.Rxe5 Rfe8 24.Rde1 Kf8 25.Kg1 a6 26.Kf2 Rxe5 27.Rxe5 Rd8 28.f4 h6 29.Kf3 Nb5
30.Nxb5 axb5 31.g4 Nd7 32.Re2 Nc5 33.Rd2 Ke7 34.Bd1 Kd6 35.Be2 b4 36.h4 Re8
37.Rd4 b3 38.a3 Ra8 39.Bd1 Ra4 40.Rxa4 Nxa4 41.Bxb3 Nxb2 42.Ke4 b5 43.Kd4 Na4
44.Bxa4 bxa4 45.h5 f6 46.Kc4 c6 47.dxc6 Kxc6 48.Kb4 Kd5 49.Kxa4  1-0

[Event "Centrocoop June op-A"]
[Site "Eforie Nord "]
[Date "1998.??.??"]
[Round "?"]
[White "Radomsky, Viacheslav G"]
[Black "Breahna, Radu"]
[Result "1-0"]
[WhiteElo "2205"]
[BlackElo "2325"]

1.d4 d5 2.c4 dxc4 3.e4 e5 4.Nf3 exd4 5.Bxc4 Bb4+ 6.Bd2 Bxd2+ 7.Nbxd2 Nc6
8.O-O Qf6 9.Re1 Nge7 10.e5 Qg6 11.Ne4 Bg4 12.Neg5 O-O 13.Bd3 Qxg5 14.Nxg5 Bxd1
15.Raxd1 h6 16.Nf3 Rfd8 17.a3 Kf8 18.Re4 a6 19.Kf1 b5 20.Bb1 Rd7 21.Ne1 Ng6
22.Nd3 Re7 23.f4 f5 24.Re2 Na5 25.g3 Nc4 26.Kf2 Rd8 27.Nb4 Ne3 28.Rc1 Re6
29.Rxc7 Ne7 30.Ba2 Rb6 31.Ra7 g5 32.Rxa6 Rxa6 33.Nxa6 gxf4 34.gxf4 Ng6 35.Kf3 Nc4
36.Bxc4 bxc4 37.Nc5  1-0

[Event "Centrocoop June op-A"]
[Site "Eforie Nord "]
[Date "1998.??.??"]
[Round "?"]
[White "Radomsky, Viacheslav G"]
[Black "Chernitsin, Ivan"]
[Result "0-1"]
[WhiteElo "2205"]
[BlackElo "2360"]

1.d4 d5 2.c4 dxc4 3.e4 Nc6 4.Be3 Nf6 5.f3 e5 6.d5 Ne7 7.Nc3 Ng6 8.Bxc4 a6
9.a4 Bd6 10.Nge2 Nh5 11.O-O O-O 12.Kh1 Qe7 13.g4 Nhf4 14.Ng3 Bc5 15.Qd2 Bxe3
16.Qxe3 Kh8 17.Rfc1 Qh4 18.Nf5 Qg5 19.Bf1 h5 20.Qg1 hxg4 21.Qxg4 Qf6 22.Re1 Re8
23.Rad1 Kg8 24.d6 cxd6 25.Bc4 Ne7 26.Nxe7+ Qxe7 27.Qg1 Be6 28.Nd5 Bxd5 29.Bxd5 Nxd5
30.Rxd5 Rac8 31.Red1 Rc6 32.b4 Qf6 33.Qg3 Rec8 34.b5 axb5 35.axb5 Rc1 36.Rxc1 Rxc1+
37.Kg2 Rc2+ 38.Kh1 Rc1+ 39.Kg2 Qh6 40.Qf2 Qg5+ 41.Qg3 Rc2+ 42.Kh1 Qe3 43.Rd1 Rf2
44.Ra1 g6 45.Qh3 Kg7 46.Rf1 Qe2 47.Rxf2 Qxf2 48.Qg2 Qe1+ 49.Qg1 Qxg1+ 50.Kxg1 Kf6
51.Kf2 Ke6 52.Kg3 d5 53.exd5+ Kxd5 54.Kg4 f6 55.h4 e4 56.fxe4+ Kxe4 57.b6 f5+
58.Kg5 f4 59.Kxg6 f3 60.h5 f2 61.h6 f1=Q  0-1

[Event "AUT-ch U10"]
[Site "Feldkirchen"]
[Date "1998.??.??"]
[Round "2"]
[White "Braeuer, Daniel"]
[Black "Reiter, Armin"]
[Result "1-0"]
[WhiteElo "1313"]
[BlackElo "1288"]

1.d4 d5 2.c4 dxc4 3.e4 Nf6 4.Nc3 Nc6 5.Nf3 Bg4 6.Bxc4 e6 7.h3 Bxf3 8.Qxf3 Nxd4
9.Qd1 Bc5 10.O-O O-O 11.Be3 e5 12.Bg5 h6 13.Bh4 c6 14.Na4 b6 15.Nxc5 bxc5
16.f4 Qd6 17.fxe5 Qxe5 18.Bxf6 gxf6 19.Qg4+ Kh7 20.Rf4 Qg5 21.Raf1 Qxg4 22.Rxg4 h5
23.Rh4 Kg6 24.g4 Kg5 25.Rxh5+ Kg6 26.Bd3 Kg7 27.g5 fxg5 28.Rxg5+ Kh6 29.Rg4 Rad8
30.Rf6+ Kh5 31.Bc4 Rd7 32.Rf2 f5 33.exf5 Rxf5 34.Rxf5+ Nxf5 35.Be6 Rd1+ 36.Kf2 Nd4
37.Bf7+ Kh6 38.Rg6+ Kh7 39.h4 Nf5 40.Rxc6 Rd2+ 41.Ke1 Rxb2 42.Bg6+ Kg7 43.Bxf5 Rxa2
44.Rxc5 Ra1+ 45.Kd2 Ra2+ 46.Bc2  1-0

[Event "AUT-ch U10"]
[Site "Feldkirchen"]
[Date "1998.??.??"]
[Round "4"]
[White "Stoiber, Philipp"]
[Black "Begusch, Michael"]
[Result "1/2-1/2"]
[WhiteElo "1376"]
[BlackElo "1213"]

1.d4 d5 2.c4 dxc4 3.e4 Nc6 4.Nf3 Bg4 5.Be3 e6 6.Bxc4 Bb4+ 7.Nc3 Nge7 8.a3 Ba5
9.O-O O-O 10.Be2 h6 11.h3 Bh5 12.d5 Bxc3 13.dxc6 Qxd1 14.Rfxd1 Bxb2 15.Rab1 Bxa3
16.Rxb7 Nxc6 17.Rxc7 Bxf3 18.Bxf3 Ne5 19.Ra1 Bd6 20.Rcxa7 Rxa7 21.Rxa7 Rb8
22.Be2 g5 23.g3 Kg7  1/2-1/2

[Event "Asia-ch (Women)"]
[Site "Genting Highlands"]
[Date "1998.??.??"]
[Round "?"]
[White "Gokhale, Anupama"]
[Black "Ovezova, Mekhri"]
[Result "0-1"]
[WhiteElo "2205"]
[BlackElo "2225"]

1.d4 d5 2.c4 dxc4 3.e4 Nf6 4.e5 Nd5 5.Bxc4 e6 6.Nc3 Nb6 7.Bb3 c5 8.Nf3 Nc6
9.O-O cxd4 10.Nb5 Nd7 11.Bg5 Qb6 12.Nbxd4 Nxd4 13.Nxd4 Nxe5 14.Re1 Bc5 15.Rxe5 Bxd4
16.Ba4+ Kf8 17.Rb5 Bxf2+ 18.Kh1 Qd4 19.Rb4 Qd5 20.Rb5 Qd4 21.Qb3 Bd7 22.Rd1 Qe4
23.Qa3+ Kg8 24.Qe7 h6 25.Rb4 Qe2 26.Qxd7 hxg5 27.Rb3 g4 28.Rc3 g3 29.Rc8+ Rxc8
30.Qxc8+ Kh7 31.Bc2+ g6 32.Qc7 Kg7 33.Qc3+ e5 34.h3 Rd8 35.Rc1 Rd2 36.Bb3 Be1
37.Qf3 Qxf3 38.gxf3 Rh2+ 39.Kg1 Bf2+  0-1

[Event "HUN-chT9899"]
[Site "HUN"]
[Date "1998.??.??"]
[Round "?"]
[White "Varga, Peter"]
[Black "Nemeth, Zoltan"]
[Result "1-0"]
[WhiteElo "2445"]
[BlackElo "2435"]

1.d4 d5 2.c4 dxc4 3.e4 c5 4.Nf3 cxd4 5.Qxd4 Qxd4 6.Nxd4 Bd7 7.Bxc4 Nc6 8.Nxc6 Bxc6
9.f3 e6 10.Be3 Nf6 11.Nd2 Bd6 12.Nb3 Ke7 13.Kf2 Rhc8 14.Rac1 Be8 15.Be2 a6
16.Na5 Rxc1 17.Rxc1 Rb8 18.Ba7 Ra8 19.Bd4 e5 20.Be3 Rb8 21.Bb6 Bd7 22.Bc7 Bxc7
23.Rxc7 b5 24.Nc6+ Kd6 25.Nxb8 Kxc7 26.Nxa6+ Kb6 27.Nb4 Kc5 28.a3 Be6 29.Ke3 Nd7
30.Nd3+ Kc6 31.Kd2 f6 32.Kc3 Kb6 33.Bd1 Bc4 34.Bb3 Bxd3 35.Kxd3 Kc5 36.Bg8 h6
37.Kc3 Nb8 38.Bd5 Na6 39.b4+ Kb6 40.Kb3 Nc7 41.a4 bxa4+ 42.Kxa4 Nb5 43.Kb3 Nd4+
44.Kc3 h5 45.h4 g5 46.hxg5 fxg5 47.Bc4 h4 48.Bd3 Kc6 49.Kc4 Nb5 50.Bc2 Nd6+
51.Kb3 Nb5 52.Bd1 Nd6 53.Be2 Kb6 54.Bd3 Kc6 55.Bc4 Kb6 56.Be6 Kb5 57.Bd7+ Kb6
58.Ka4 Kc7 59.Be6 Kb6 60.Kb3 Kc6 61.Bc4 Kb6 62.Bd3 Kc6 63.Kc3 Nc8 64.Kc4 Nb6+
65.Kb3 Kd6 66.Bb5 Kc7 67.Be8 Kd6 68.Kc3 Ke7 69.Bc6 Kd6 70.Bb5 Nc8 71.Kc4 Nb6+
72.Kb3 Kc7 73.Be8 Kd6 74.Bf7 Kc6 75.Kc3 Na4+ 76.Kd3 Nb6 77.Be8+ Kd6 78.Bb5 Kc7
79.Ke3 Kd6 80.Kf2 Ke6 81.g3  1-0

[Event "HUN-chT2 9798"]
[Site "HUN"]
[Date "1998.??.??"]
[Round "?"]
[White "Mihok, Laszlo"]
[Black "Balogh, Sandor"]
[Result "1-0"]
[WhiteElo "2225"]
[BlackElo "2250"]

1.d4 d5 2.c4 dxc4 3.e4 Nc6 4.Be3 Nf6 5.Nc3 Ng4 6.Bxc4 Nxe3 7.fxe3 e6 8.Nf3 a6
9.O-O Bd6 10.e5 Be7 11.a3 O-O 12.Ne4 Bd7 13.Qe1 Na7 14.Qg3 Bb5 15.Bxb5 Nxb5
16.Nf6+ Bxf6 17.exf6 Qxf6 18.Ne5 Qe7 19.Rf4 Nd6 20.Rc1 Rac8 21.h4 Nf5 22.Qf2 c5
23.Rd1 cxd4 24.exd4 Qc7 25.Rd2 h5 26.Qe2 Qc1+ 27.Kh2 Rc2 28.Nf3 Rxb2 29.d5 Rxd2
30.Nxd2 Qc7 31.g3 Qc3 32.Ne4 Qe5 33.Qxh5 Qxd5 34.Nf6+ gxf6 35.Rg4+ Ng7 36.Qh6 Qg5
37.hxg5 f5 38.Rh4  1-0

[Event "HUN-chT 9798"]
[Site "Hungary"]
[Date "1998.??.??"]
[Round "?"]
[White "Dudas, Jan"]
[Black "Varga, Peter"]
[Result "1/2-1/2"]
[WhiteElo "2295"]
[BlackElo "2390"]

1.d4 d5 2.c4 dxc4 3.e4 e5 4.Nf3 exd4 5.Qxd4 Qxd4 6.Nxd4 Bc5 7.Nb5 Na6 8.Bxc4 c6
9.N5c3 b5 10.Bb3 Nf6 11.f3 Nb4 12.Ke2 Be6 13.Bxe6 fxe6 14.Na3 O-O-O 15.Rd1 Rxd1
16.Nxd1 Rd8 17.Be3 Bxe3 18.Nxe3 Nd3 19.b3 Nf4+ 20.Ke1 Nd3+ 21.Ke2 Nf4+ 22.Ke1  1/2-1/2